000 00650nam a2200217 a 4500
001 4921
003 CO-ViMGA
008 141112s2004 ck r 000 u spa d
020 _a9582000244
040 _aCO-ViMGA
_bspa
_cCO-ViMGA
082 0 4 _a658.404 C372
100 1 _aCerda Gutierrez, Hugo
_93092
245 1 0 _aCómo elaborar proyectos :
_bdiseño, ejecución y evaluación de proyectos sociales y educativos
250 _a3a
260 _aSantafé de Bogotá :
_bCooperativa Editorial Magisterio,
_c1997
300 _a118 p.
490 _aMesa redonda, 16
650 1 4 _aPROYECTOS
_93093
650 1 4 _aPROYECTOS - ELABORACION
942 _2ddc
_cBK
999 _c3083
_d3083